000 00372nam a2200145Ia 4500
008 230917s9999||||xx |||||||||||||| ||und||
040 _e104450
_aMAIN
041 _aEnglish
082 _a320.03 G231R
100 _aGaba, Om Perkash
245 0 _aRajniti Vigyan vishwakosh
260 _aNew Delhi
_bNational Publishing house
_c2003
300 _avi,306p p.
942 _cBK
999 _c119543
_d119543